• 首页
  • 本馆介绍
  • 公告通知
  • 最新文献
  • 馆藏检索
  • 电子资源
  • 读者导购
  • 参考咨询
  • 我的图书馆
  • 登录
  • 详细信息显示
  • 放入我的书架
  • 预约/预借图书
  • 作者相关作品
  • 分类相关作品
  • 丛书相关作品
  • 出版社相关作品

书目信息

  • 表格格式
  • 工作单格式
  • 卡片格式
题名:
自古争战多间谍
    
 
作者: 付红霞 主编
分册:  
出版信息: 石家庄   河北教育出版社  2005.10
页数: 104页
开本: 19cm
丛书名:
单 册:
中图分类: R575 , I28
科图分类:
主题词: 肝疾病--诊疗 , 儿童文学--中国 , 儿童文学--中国--丛书
电子资源:
ISBN: 7-5434-0543-1
000 00840nam0 2200253 450
001 1547346053
005 20150125131211.43
010    @a7-5434-0543-1@dCNY28.00
100    @a20120114d2005 em y0chiy0110 ea
101 0  @achi
102    @aCN@b130000
105    @ay z 000yy
200 1  @a自古争战多间谍@Azi gu zheng zhan duo jian die@9jiu jing xing gan bing xian dai zhen liao@f付红霞主编
210    @a石家庄@c河北教育出版社@d2005.10
215    @a104页@d19cm
330    @a本书通过作者多年的临床经验,将治疗酒精性肝病的经验汇总,为帮助更多的酒精性肝病病人正视病情,精心整理出版,作为治疗参考资料之用。
606 0  @a肝疾病@x诊疗
606 0  @a儿童文学@x中国
606 0  @a儿童文学@x中国@x丛书
690    @aR575@v5
690    @aI28@v4
701  0 @a付红霞@9fu hong xia@4主编
801  0 @aCN@bTSSF@c20150125
905    @aZUCC@dI28@eJY12
    
    自古争战多间谍/付红霞主编.-石家庄:河北教育出版社,2005.10
    104页;19cm
    
    
    ISBN 7-5434-0543-1:CNY28.00
    本书通过作者多年的临床经验,将治疗酒精性肝病的经验汇总,为帮助更多的酒精性肝病病人正视病情,精心整理出版,作为治疗参考资料之用。
●
相关链接 在E读中查询图书 在五车中查询图书 在当当中查询图书 在豆瓣中查询图书


正题名:自古争战多间谍     索取号:I28/JY12         预约/预借

序号 登录号 条形码 馆藏地/架位号 状态 备注
1 7855001   278550015   学院路分馆/ [索取号:I28/JY12] 在馆    
2 7855002   278550024   学院路分馆/ [索取号:I28/JY12] 在馆    
唐山师范学院图书馆 欢迎您!
大连网信软件有限公司© 版权所有